Estadísticas para Palabras Más Comunes en Español A-Z

Haz click aquí para intentar la prueba.

Estadísticas generales

  • Esta prueba ha sido intentada 96 veces
  • La puntuación promedio es 12 de 26

Estadísticas de respuestas

LetraPalabra% Correcto
AA
100%
OO
87%
NNo
84%
YY
81%
QQue
80%
DDe
79%
LLa
78%
PPor
75%
EEl
74%
SSe
65%
CCon
62%
HHa
62%
UUn
53%
MMás
45%
XX
45%
BBien
33%
FFue
24%
TTodo
11%
VVez
7%
JJunto
4%
ZZona
4%
GGobierno
2%
KKilómetros
1%
WWeb
1%
IImportante
0%
RRealidad
0%

Distribución de puntuación

Porcentaje por número respondido

Porcentaje de gente con cada puntuación

Historial de tus puntuaciones

No has intentado esta prueba.